[Event "Fide Mercenarios 2nd"]
[Site "Mexico City"]
[Date "1995.??.??"]
[Round "?"]
[White "Araiza Nieto, Edgar"]
[Black "Pastrana Rodriguez, Cesar"]
[Result "0-1"]
[WhiteElo "2115"]
[BlackElo "2140"]
[PlyCount "91"]
[EventDate "1995.??.??"]
[EventType "tourn"]
[EventRounds "11"]
[EventCountry "MEX"]
[SourceTitle "EXT 2000"]
[Source "ChessBase"]
[SourceDate "1999.11.16"]
[SourceVersion "1"]
[SourceVersionDate "1999.11.16"]
[SourceQuality "1"]

1. Nf3 Nc6 2. e4 e5 3. Bb5 f5 4. d4 fxe4 5. Nxe5 Nxe5 6. dxe5 c6 7. Bc4 Qa5+ 8. Bd2 Qxe5 9. Bc3 Qg5 10. h4 Qxg2 11. Qh5+ Qg6 12. Qe5+ Ne7 13. h5 Qf5 14. h6 Qxe5 15. Bxe5 Nf5 16. Nc3 d6 17. hxg7 Bxg7 18. Bxg7 Nxg7 19. Nxe4 d5 20. Nd6+ Kd7 21. Nf7 Re8+ 22. Be2 h5 23. Kd2 Re7 24. Ng5 Kc7 25. Rag1 Bf5 26. Bxh5 Nxh5 27. Rxh5 Rae8 28. f4 Re2+ 29. Kd1 Bxc2+ 30. Kc1 Bf5 31. Nf3 Rc2+ 32. Kd1 Be4 33. Rh2 Rxh2 34. Nxh2 Rh8 35. Rg7+ Kb6 36. Ng4 Rf8 37. Ne5 Rxf4 38. Nd7+ Kb5 39. Ne5 Ka6 40. Nd7 Rg4 41. Re7 Rg1+ 42. Kd2 Rg2+ 43. Kc3 Rc2+ 44. Kb3 Rc4 45. a3 Bc2+ 46. Ka2 0-1

[Event "Fide Mercenarios 5th"]
[Site "Mexico City"]
[Date "1995.??.??"]
[Round "3"]
[White "Padilla Liceaga, Jorge"]
[Black "Pastrana Rodriguez, Cesar"]
[Result "1/2-1/2"]
[WhiteElo "2000"]
[BlackElo "2140"]
[PlyCount "51"]
[EventDate "1995.??.??"]
[EventType "tourn"]
[EventRounds "11"]
[EventCountry "MEX"]
[SourceTitle "EXT 2000"]
[Source "ChessBase"]
[SourceDate "1999.11.16"]
[SourceVersion "1"]
[SourceVersionDate "1999.11.16"]
[SourceQuality "1"]

1. d4 Nf6 2. c4 e5 3. dxe5 Ng4 4. Bf4 Nc6 5. Nf3 Bb4+ 6. Nbd2 Qe7 7. e3 Ngxe5 8. Nxe5 Nxe5 9. Be2 d6 10. 0-0 0-0 11. Nb3 f5 12. a3 Bc5 13. Nxc5 dxc5 14. Qd5+ Nf7 15. Rad1 c6 16. Qf3 Be6 17. Qg3 Rad8 18. Bc7 Rc8 19. Ba5 Ng5 20. Qe5 Rf6 21. b3 Nf7 22. Qf4 Re8 23. Rd2 Bc8 24. Bc3 Rh6 25. Rfd1 Ng5 26. Bd3 1/2-1/2

[Event "Fide Mercenarios 8th"]
[Site "Mexico City"]
[Date "1995.??.??"]
[Round "8"]
[White "Pastrana Rodriguez, Cesar"]
[Black "Franco, David"]
[Result "1-0"]
[WhiteElo "2140"]
[BlackElo "2000"]
[PlyCount "79"]
[EventDate "1995.??.??"]
[EventType "tourn"]
[EventRounds "11"]
[EventCountry "MEX"]
[SourceTitle "EXT 2000"]
[Source "ChessBase"]
[SourceDate "1999.11.16"]
[SourceVersion "1"]
[SourceVersionDate "1999.11.16"]
[SourceQuality "1"]

1. e4 e5 2. Nf3 Nc6 3. Bb5 Nd4 4. Nxd4 exd4 5. 0-0 Qf6 6. d3 a5 7. a4 Ne7 8. f4 h5 9. Nd2 c6 10. Bc4 d5 11. Bb3 Bg4 12. Qe1 0-0-0 13. f5 Qe5 14. h3 Ng8 15. Nb1 dxe4 16. dxe4 d3 17. hxg4 hxg4 18. g3 Bc5+ 19. Kg2 Rh3 20. Bf4 Qd4 21. Bxf7 Rf8 22. Be6+ Kd8 23. Qxa5+ Ke8 24. Qa8+ Qd8 25. Qxd8+ Kxd8 26. cxd3 Nf6 27. Nd2 Rfh8 28. Rh1 Ke7 29. Nb3 Ba7 30. e5 Nd5 31. Bxd5 cxd5 32. Rac1 Bb6 33. a5 Ba7 34. Rxh3 gxh3+ 35. Kh2 Bb8 36. Bg5+ Kd7 37. e6+ Kd6 38. Bf4+ Ke7 39. Bxb8 Rxb8 40. Rc7+ 1-0

[Event "Fide Mercenarios 5th"]
[Site "Mexico City"]
[Date "1995.??.??"]
[Round "8"]
[White "Pastrana Rodriguez, Cesar"]
[Black "Vaca Kram, Luis"]
[Result "1-0"]
[WhiteElo "2000"]
[BlackElo "2015"]
[PlyCount "91"]
[EventDate "1995.??.??"]
[EventType "tourn"]
[EventRounds "11"]
[EventCountry "MEX"]
[SourceTitle "EXT 2000"]
[Source "ChessBase"]
[SourceDate "1999.11.16"]
[SourceVersion "1"]
[SourceVersionDate "1999.11.16"]
[SourceQuality "1"]

1. e4 c5 2. Nf3 Nc6 3. d4 cxd4 4. Nxd4 Nf6 5. Nc3 e5 6. Ndb5 d6 7. Bg5 a6 8. Bxf6 gxf6 9. Na3 Bg7 10. Qh5 b5 11. Nd5 Be6 12. c3 Bxd5 13. exd5 Ne7 14. Rd1 f5 15. g4 Ng6 16. gxf5 Nf4 17. Qg4 Bf6 18. Nc2 h5 19. Qf3 Rg8 20. Nb4 Qd7 21. Bh3 Qa7 22. Nd3 Nxd3+ 23. Rxd3 Ke7 24. Qxh5 Rh8 25. Qe2 Rag8 26. Rg3 Bh4 27. Rg4 Qc5 28. Qf3 Rxg4 29. Bxg4 Rg8 30. h3 Qc4 31. b3 Qc5 32. 0-0 Qa3 33. Qe2 Qc5 34. Qd3 Kf6 35. b4 Qb6 36. c4 Bg5 37. Kg2 Rc8 38. f4 Bxf4 39. Rxf4 exf4 40. Qc3+ Ke7 41. f6+ Kd8 42. Bxc8 Kxc8 43. cxb5+ Kb8 44. Qc6 Qd8 45. bxa6 Qg8+ 46. Kf1 1-0

[Event "Fide Mercenarios 5th"]
[Site "Mexico City"]
[Date "1995.??.??"]
[Round "1"]
[White "Sanchez, F."]
[Black "Pastrana Rodriguez, Cesar"]
[Result "0-1"]
[WhiteElo "2000"]
[BlackElo "2140"]
[PlyCount "46"]
[EventDate "1995.??.??"]
[EventType "tourn"]
[EventRounds "11"]
[EventCountry "MEX"]
[SourceTitle "EXT 2000"]
[Source "ChessBase"]
[SourceDate "1999.11.16"]
[SourceVersion "1"]
[SourceVersionDate "1999.11.16"]
[SourceQuality "1"]

1. e4 e5 2. Nf3 Nc6 3. Bb5 f5 4. d4 fxe4 5. Bxc6 dxc6 6. Nxe5 Qh4 7. Be3 Be6 8. Nd2 Nf6 9. a3 Bd6 10. h3 Bxe5 11. dxe5 Ng4 12. Qe2 Nxe5 13. 0-0-0 Bf5 14. g4 Bg6 15. f4 Nd7 16. f5 Bf7 17. Nxe4 Qe7 18. Bg5 Qe5 19. Rxd7 Kxd7 20. Nf6+ gxf6 21. Qxe5 fxe5 22. Rd1+ Kc8 23. Bf6 Re8 0-1